Boj proti alkoholizmu v právnej úprave /.
Saved in:
| Other Authors: | |
|---|---|
| Format: | Book |
| Language: | Slovak |
| Published: |
Bratislava :
Obzor,
1974.
|
| Edition: | 1. vyd. |
| Series: | Právo pre každého
|
| ISBN: |
(viaz.) |
| Physical Description: |
71 s. ;. |
| Tags: |
Add Tag
No Tags, Be the first to tag this record!
|
Titul je dostupný aj v ... 

MARC
| LEADER | 00000nam a2200000 4500 | ||
|---|---|---|---|
| 001 | 000100607 | ||
| 005 | 20090918162155.0 | ||
| 008 | 930715s1974 xo e slo d | ||
| 020 | |a (viaz.) | ||
| 040 | |a SVKKK |b slo |c SVKKK |e AACR2 | ||
| 041 | 0 | |a slo | |
| 044 | |a xo |c SK | ||
| 080 | |a 362.193:178(437)(094.56)=854 | ||
| 100 | 1 | |a Barát, Arnošt |4 com | |
| 245 | 1 | 0 | |a Boj proti alkoholizmu v právnej úprave /. |
| 250 | |a 1. vyd. | ||
| 260 | |a Bratislava : |b Obzor, |c 1974. | ||
| 300 | |a 71 s. ;. | ||
| 440 | 0 | |a Právo pre každého | |
| 700 | 1 | |a Barát, Arnošt |4 com | |
| 910 | |a svkkk | ||
| 998 | |a BK | ||
| 090 | |g SCKHL |k Sklad Hlavná 10 suterén |a I.43671 |j 512828 |i 2720622697 |s Absenčne | ||
| 090 | |g SCKHL |k Sklad Hlavná 10 suterén |a I.43672 |j 512829 |i 2720163273 |s Absenčne | ||
| 090 | |g SCKHL |k Sklad Hlavná 10 suterén |a I.43673 |j 512830 |i B163123 |4 Multiplikát |s Vyradená | ||
| 090 | |g SCKHL |k Sklad Hlavná 10 suterén |a I.43674 |j 512831 |i B163124 |4 Multiplikát |s Vyradená | ||
| 090 | |g SCKHL |k Sklad Hlavná 10 suterén |a I.43675 |j 512832 |i 2720210050 |4 Multiplikát |s Vyradená | ||
| 090 | |g SCKHL |k Sklad Hlavná 10 suterén |a I.43719 |j 513378 |i 2720622770 |s Absenčne | ||